000 00648nam a2200253Ia 4500
003 OSt
005 20221006145040.0
006 a|||||r|||| 00| 0
007 ta
008 221006b |||||||| |||| 00| 0 eng d
020 _c60.00
024 _a13,608
037 _cTextual
040 _aEASL
_cEASL
_beng
041 _2eng
_aeng
082 _aV49G.N7, L7
100 _aCHAUHAN R S
245 0 _aStruggle and change in South Asian monarchies
260 _aNew Delhi
_bChetana Pub.
_c1977
300 _a262p.
_ccm.
490 _v Oth
942 _hV49G.N7, L7
_cTEXL
_2CC
999 _c1081694
_d1081694